Vista normal Vista MARC

Entrada Personal Name

Número de registros utilizados en: 1

001 - CONTROL NUMBER

  • control field: 41237

003 - CONTROL NUMBER IDENTIFIER

  • control field: OSt

005 - DATE AND TIME OF LATEST TRANSACTION

  • control field: 20211021123617.0

008 - FIXED-LENGTH DATA ELEMENTS

  • fixed length control field: 211021|| aca||aabn | a|a d

040 ## - CATALOGING SOURCE

  • Original cataloging agency: OSt
  • Transcribing agency: OSt

100 ## - HEADING--PERSONAL NAME

  • Personal name: Prebisch, Raúl,
  • Dates associated with a name: 1903-1986
  • General subdivision: Crítica e interpretación

670 ## - SOURCE DATA FOUND

  • Source citation: Work cat.: (OSt)8650: 17888, Raul Prebisch : , 1987